Mots Anglais rock uca - Statistiques

Statistiques générales
  • Ce quiz a été pris 143 fois
  • Le résultat moyen est 4 sur 20
Statistiques - réponses
Hint Réponse % Correct
un autoradio a car radio
100%
un dessin-animé a cartoon
100%
un éditorial a leader
100%
un réseau a network
100%
un écran a screen
100%
partisan biased
100%
mensuel monthly
100%
propagande propaganda
100%
publier published
100%
fiable relliable
100%
les gros titres the headlines
100%
assurer la couverture de to cover
100%
captiver le public to hold the audience
100%
une revue a journal
50%
une chaine payante a toll channel
50%
une bande-annonce a trailer
50%
quotidien daily
50%
capter pick up
50%
la couverture the cover
50%
la presse à scandales the gutter press
50%
interdire to ban
50%
programmer to programme
50%
un animateur a compere
33%
le droit a l'information the right to know
33%
un feuilleton a serial
25%
une interdiction a ban
0%
une faute éthique a breach of ethics
0%
une page de publicité a break
0%
une personnalité a broadcaster
0%
un micro a bug
0%
exact accurate
0%
une chaine a channel
0%
un zappeur a channel jumper
0%
une colonne a column
0%
un chroniqueur, un échotier a columnist
0%
un message publicitaire a commercial
0%
un exemplaire a copy
0%
couverture médiatique a coverage
0%
une antenne parabolique a dish aerial
0%
un pigiste, un indépendant a freelance
0%
un magazine de luxe a glossy magazine
0%
le temps d'antenne air time
0%
un dénicheur de scandales a muckraker
0%
une antenne an aerial
0%
un présentateur vedette an anchorman
0%
les auditeurs an audience
0%
une part d'audience an audience share
0%
un rédacteur en chef an editor
0%
le sujet vedette a newsmaker
0%
un directeur de publication a newspaper editor
0%
un présentateur de journal a newsreader
0%
un communiqué de presse a news release
0%
un magnat de la presse a press tycoon
0%
un éditeur a publisher
0%
un présentateur de jeu télévisé a quiz master
0%
un jeu télévisé a quiz show
0%
un présentateur radio a radio annoncer
0%
une rediffusion a rerun
0%
une rubrique a section
0%
une saisie a seizure
0%
une retransmission sportive a sports broadcast
0%
un abonné a subscriber
0%
un abonnement a subscription
0%
un tabloïd, un quotidien populaire a tabloid
0%
un entretien télévisé a talk show
0%
un téléfilm a television film
0%
un poste de télévision a television set
0%
un mordu de la télé a tv addict
0%
un décodeur a tv decoder
0%
un magnétoscope a video cassette recorder
0%
une cassette vidéo a vidéo tape
0%
une onde a wave
0%
le cable cable television
0%
la télévision en circuit fermé closed-circuit television
0%
les petites annonces the classified ads
0%
la mise sur écoute eavesdrop on someboody
0%
divertir entertain
0%
la modulation de fréquence frequency modulation
0%
la diffamation libel
0%
couverture médiatique media coverage
0%
la collecte des informations news gathering
0%
la télévision a la carte pay-per-view television
0%
en différé pre-recorded
0%
l'heure de grande écoute prime time
0%
trimestriel quaterly
0%
divertissant recreational
0%
le droit de perquisition right of search
0%
la télévision par satellite satellite tv
0%
l'auto censure self-censorship
0%
une calomnie slander
0%
un journaliste sportif sportscaster
0%
les parasites static interference
0%
abrutissant stultifying
0%
le courrier du coeur the agony column
0%
la diffusion, le tirage the circulation
0%
le quatrième pouvoir the fourth estate
0%
la première page the front page
0%
la rubrique mondaine the gossip column
0%
la presse automobile the motoring press
0%
la rubrique nécrologique the obituaries
0%
l'indice d'écoute the ratings
0%
le droit à la vie privée the right to privacy
0%
le bulletin météo the weather broadcast
0%
la télécommande the zapper
0%
quitter l'antenne to be off the air
0%
être a l'antenne to be on the air
0%
être a l'écran to be on the screen
0%
être soumis a la censure to be subject to censorship
0%
corriger to blue pencil
0%
diffuser sur les ondes, émettre to broadcast, to air
0%
animer to cast
0%
censurer to censor
0%
assurer la couverture médiatique to cover
0%
limiter l'accès to curtail access
0%
révéler to disclose
0%
copier to duplicate
0%
être le rédacteur to edit
0%
captiver to engross
0%
dénoncer to expose
0%
baîllonner to gog
0%
présenter un intêret to have news value
0%
faire la une des journaux to hit the headlines
0%
enquêter to investigate
0%
diffamer to libel
0%
rendre les gens conscients de to make people aware of
0%
défrayer la chronique to make the news
0%
embêter to pester
0%
produire un spectacle to produce a show
0%
enregistrer to record
0%
remanier, réviser to rewrite
0%
publier en exclusivité to scoop
0%
saisir to seize
0%
sensibiliser l'opinion publique to sensitize public opinion
0%
calomnier to slander
0%
poursuivre to stalk
0%
supprimer la liberté de la presse to suppress press freedom
0%
régler son poste sur une station to tune in
0%
allumer / éteindre la télévision to turn on / off the tv
0%
déterrer to unearth
0%
hebdomadaire weekly
0%
les écoutes téléphoniques wiretapping
0%
Aucun quiz correspondant
Distribution des résultats
% des personnes avec chaque résultat
Percentile par nombre de réponses
Votre historique - résultats
Vous n’avez pas pris ce quiz